|
|
|
|
| LEADER |
00000nab a2200000 a 4500 |
| 001 |
vtls009626005 |
| 003 |
SK-MaSNL |
| 005 |
20260304153705.0 |
| 008 |
250506c2009 xo |||||||||||000 b|slo |
| 015 |
|
|
|a SNBRB2009/07
|2 snkbucl
|
| 035 |
|
|
|a (uuid)d67bfc3f-f040-4813-ab2e-a7a1044fd8a9
|
| 035 |
|
|
|a urn:nbn:sk:snk-ab14r8
|
| 035 |
|
|
|a (urnnbn)urn:nbn:sk:snk:ar-a05fod
|
| 038 |
|
|
|a SNKBUCL
|
| 040 |
|
|
|a SNKBUCL
|b slo
|c SNKBUCL
|e AACR2
|
| 041 |
0 |
|
|a slo
|
| 044 |
|
|
|a xo
|c SK
|
| 080 |
|
|
|a 004.451.9Linux
|2 2001
|
| 080 |
|
|
|a 004.451.83
|2 2001
|
| 080 |
|
|
|a 004.382.6/.7
|2 2001
|
| 100 |
1 |
|
|a Kužel, Gabriel
|4 aut
|9 531573
|
| 245 |
1 |
0 |
|a GNU/Linux a tenký klient
|c Gabriel Kužel
|
| 300 |
|
|
|b Obr.
|
| 630 |
0 |
7 |
|a Linux
|2 snkbucl
|9 1422444
|
| 650 |
0 |
7 |
|a operačné systémy
|2 snkbucl
|9 2069
|
| 650 |
0 |
7 |
|a technológia tenkého klienta
|2 snkbucl
|9 1467254
|
| 650 |
0 |
7 |
|a terminálové služby
|2 snkbucl
|9 1417730
|
| 650 |
0 |
7 |
|a terminálové servery
|2 snkbucl
|9 1080849
|
| 773 |
0 |
|
|t PC revue
|g Roč. XVII, č. 4 (2009), s. 92
|x 1335-0226
|
| 850 |
|
|
|a Slovenská národná knižnica
|
| 852 |
|
|
|a Slovenská národná knižnica
|
| 954 |
|
|
|a odborná, vedecká literatúra pôvodná (slovenská)
|2 lita
|
| 958 |
|
|
|a article27
|
| 958 |
|
|
|a OND
|
| 958 |
|
|
|a EUIPO
|
| 999 |
|
|
|c 2954621
|d 2956551
|